000
00307nam a2200121Ia 4500
008
151213s9999 xx 000 0 und d
245
_a
Chambers 21st century dictionary
260
_a
New Delhi
_b
Allied Chambers
300
_a
796 p.
650
_a
English Language
650
_a
English Language
999
_c
956
_d
956